Central Library OPAC University of Rajshahi

Textbook of biochemistry / (Record no. 75242)

MARC details
000 -LEADER
fixed length control field 00660nam a2200217 a 4500
001 - CONTROL NUMBER
control field 75242
003 - CONTROL NUMBER IDENTIFIER
rucl marc code BD-RjUL
005 - DATE AND TIME OF LATEST TRANSACTION
control field 20211209082650.0
008 - FIXED-LENGTH DATA ELEMENTS--GENERAL INFORMATION
fixed length control field 181217s1946 enka 001 0 eng
035 ## - SYSTEM CONTROL NUMBER
System control number (BD-RjUL)75460
040 ## - CATALOGING SOURCE
Original cataloging agency DLC
Transcribing agency OCP
Modifying agency UBA
-- OCL
-- OCLCQ
-- MYG
-- BD-RjUL
Language of cataloging eng
041 ## - LANGUAGE CODE
Language code of text/sound track or separate title eng
082 ## - DEWEY DECIMAL CLASSIFICATION NUMBER
Edition number 23
Classification number 572
Author mark and year HAT 1946
100 1# - MAIN ENTRY--PERSONAL NAME
Personal name Harrow, Benjamin,
Dates associated with a name 1888-1970.
9 (RLIN) 36025
245 12 - TITLE STATEMENT
Title Textbook of biochemistry /
Statement of responsibility, etc. [by] Benjamin Harrow
250 ## - EDITION STATEMENT
Edition statement 4th ed. Illustrated
260 ## - PUBLICATION, DISTRIBUTION, ETC. (IMPRINT)
Place of publication, distribution, etc. Philadelphia ;
-- London :
Name of publisher, distributor, etc. W.B. Saunders Co.,
Date of publication, distribution, etc. 1966
300 ## - PHYSICAL DESCRIPTION
Pagination xiii, 594 pages:
Illustrations illustrations ;
Size 24 cm.
650 #0 - SUBJECT ADDED ENTRY--TOPICAL TERM
Topical term or geographic name as entry element Biochemistry.
9 (RLIN) 36026
942 ## - ADDED ENTRY ELEMENTS (KOHA)
Source of classification or shelving scheme Dewey Decimal Classification
Koha item type Books
Holdings
Lost status Source of classification or shelving scheme Damaged status Not for loan Collection code Permanent Location Current Location Shelving location Date acquired Source of acquisition Total Checkouts Full call number Date last seen Copy number Koha item type
  Dewey Decimal Classification   Not For Loan Non-fiction Central Library, University of Rajshahi Central Library, University of Rajshahi Reading Room 11/05/1976 BNBC   572 HAT 1946 06/02/2019 C-1 Books